000 00388nam a2200157Ia 4500
008 230711s9999||||xx |||||||||||||| ||und||
041 _aENG
082 _a621
_bBO-D
100 _aBose,Tamal
245 0 _aDigital signal and image processing
250 _a1st Ed.
260 _c2004
_aNew York
_bJohn Wiley & Sons.Inc
300 _a706
650 _aElectronics Engineering
942 _cBK
999 _c4814
_d4814